000 00867nam a22001937a 4500
999 _c4998
_d4998
003 AR-CdUCM
008 190311b ||||| |||| 00| 0 spa d
040 _aMUNICIPALIDAD PROVINCIAL DEL CUSCO
_cBIBLIOTECA MUNICIPAL DEL CUSCO
082 _a985.04 /
_bO74
100 _aOrtiz de Zevallos, Javier
_911886
245 _aEl Norte del Peru en la Independencia /
260 _aPerú :
_bCentro de Documentacion e Informacion Andina ,
_c1989.
300 _a188 páginas ;
_c20.5 cm.
505 _aContenido : Documentacion Historica -- Corresponbdencia anterior a la llegada de San Martin a Lima -- Correspondencia Durante la Estada de San Martin en Lima -- Cartas de Recomendacion de San Martin a Torre Tagle...
650 _aIndependencia del Perú
_912556
650 _aTestimonios de la Independencia
_915292
650 _aHistoria del Perú
_9259
942 _2ddc
_cLIBROS